Campeões do Campeonato Paulista - Statistics

Estatísticas Gerais
  • Esse quiz foi jogado 49 vezes
  • A pontuação média é 115 de 137
Estatísticas das Respostas
Ano Cidade do Clube Campeão Campeão % Correto
1920 | 1926 (APEA) | 1927 (APEA) | +5 others São Paulo-SP Palestra Italia (hoje conhecido como Sociedade Esportiva Palmeiras)
100%
1943 | 1945 | 1946 | +18 others São Paulo-SP São Paulo Futebol Clube
100%
1931 São Paulo-SP São Paulo Futebol Clube (união entre Club Athletico Paulistano e Associação Atlética das Palmeiras)
100%
1942 | 1944 | 1947 | +16 others São Paulo-SP Sociedade Esportiva Palmeiras
100%
1914 (LPF) | 1916 (LPF) | 1922 | +28 others São Paulo-SP Sport Club Corinthians Paulista
100%
1935 (LPF) | 1955 | 1956 | +18 others Santos-SP Santos Futebol Clube
98%
1973 São Paulo-SP e Santos-SP Santos Futebol Clube e Associação Portuguesa de Desportos
98%
1990 Bragança Paulista-SP Clube Atlético Bragantino (hoje conhecido como Red Bull Bragantino)
93%
2004 São Caetano do Sul-SP Associação Desportiva São Caetano (hoje conhecido como São Caetano Futebol)
84%
2002 | 2014 Itu-SP Ituano Futebol Clube
84%
1986 Limeira-SP Associação Atlética Internacional
68%
1935 (APEA) | 1936 (APEA) São Paulo-SP Associação Portuguesa de Desportos
59%
1905 | 1908 | 1913 (APEA) | +8 others São Paulo-SP Club Athletico Paulistano
48%
1934 (FPF) São Paulo-SP Clube Atlético Fiorentino (hoje conhecido como Clube Atlético Juventus)
36%
1906 | 1915 (LPF) São Paulo-SP Sport Club Germânia (hoje conhecido como Esporte Clube Pinheiros)
30%
1907 | 1928 (LAF) São Paulo-SP Sport Club Internacional
20%
1902 | 1903 | 1904 | 1911 São Paulo-SP São Paulo Athletic Club
16%
1909 | 1910 | 1915 (APEA) São Paulo-SP Associação Atlética das Palmeiras
11%
1912 | 1913 (LPF) São Paulo-SP Sport Club Americano
11%
1914 (APEA) | 1925 São Paulo-SP Associação Atlética São Bento
9%
1933 (FPF) São Paulo-SP Clube Atlético Albion
5%
Nenhum quiz correspondente encontrado
Distribuição das Pontuações
Porcentagem de Pessoas com Cada Pontuação
Percentil de Números Respondidos
Sua Pontuação Histórica
Você não jogou esse quiz